| 000 | 00688nam a2200181 i 4500 | ||
|---|---|---|---|
| 001 | 21554 | ||
| 003 | ES-MaACL | ||
| 005 | 20230906152513.0 | ||
| 007 | t| | ||
| 008 | 021126s1862 sp |||| | spa d | ||
| 245 | 0 | 0 |
_aÁlbum de la caridad _b: juegos florales de La Coruña en 1861, seguido de un mosaico poético de nuestros vates gallegos contemporáneos... |
| 260 |
_aCoruña : _b[s.n., _c1862] ( _fMariano M. y Sancho) |
||
| 300 |
_aLV, 482 p. ; _c24 cm. |
||
| 530 | _aDisponible en formato digital. | ||
| 650 | 4 |
_aPoesías españolas- _zGalicia. _9144044 |
|
| 852 |
_aES-MaACL _jG-9574 |
||
| 856 |
_uhttp://bdh-rd.bne.es/viewer.vm?id=0000216762&page=1 _zBiblioteca Digital Hispánica |
||
| 999 |
_c21554 _d21554 |
||